Nhập môn đồ hoạ máy tính

Cung cấp kiến thức đầy đủ và chọn lọc bao gồm các khái niệm cơ bản nhất,các thuật toán cơ sở của đồ hoạ vi tính,giúp người đọc có thể tự tìm hiểu và xây dựng các chương trình ứng dụng đồ hoạ

Saved in:
Bibliographic Details
Main Author: Lương Chi Mai
Other Authors: Huỳnh Thị Thanh Bình
Format: Book
Language:Vietnamese
Published: H. Khoa học và kỹ thuật 2000
Subjects:
Tags: Add Tag
No Tags, Be the first to tag this record!
Institutions: Mạng thư viện Đại học Đà Nẵng
LEADER 01329nam a2200337 4500
001 000009319
003 5515
005 20120302080343.0
008 111026s2000 viesd
020 |c 30000đ 
041 0 |a vie 
082 |a 006.6  |b LƯ-M 
100 0 |a Lương Chi Mai 
245 0 |a Nhập môn đồ hoạ máy tính  |c Lương Chi Mai, Huỳnh Thị Thanh Bình 
260 |a H.  |b Khoa học và kỹ thuật  |c 2000 
300 |a 271tr.  |c 24 cm 
504 |a Thư mục: tr.270-271 
520 |a Cung cấp kiến thức đầy đủ và chọn lọc bao gồm các khái niệm cơ bản nhất,các thuật toán cơ sở của đồ hoạ vi tính,giúp người đọc có thể tự tìm hiểu và xây dựng các chương trình ứng dụng đồ hoạ 
653 |a Đồ hoạ 
653 |a Máy tính 
700 |a Huỳnh Thị Thanh Bình 
OWN |a LSP 
AVA |a UDN50  |b LSP  |d 006.6 LƯ-M  |e available  |t Error 5001 Not defined in file expand_doc_bib_avail.  |f 4  |g 0  |h N  |i 0  |k 1 
999 |a From the UDN01 
AVA |a UDN50  |b LSP  |d 006.6 LƯ-M  |e available  |t Error 5001 Not defined in file expand_doc_bib_avail.  |f 4  |g 0  |h N  |i 0  |k 1 
TYP |a Monograph 
TYP |a Printed language 
980 |a Mạng thư viện Đại học Đà Nẵng